Dicionário de falares do Alentejo (Registo nº 37123)
[ vista simples ]
| 000 -Etiqueta do registo | |
|---|---|
| Valores | 00746nam a2200241 4500 |
| 010 ## - Número ISBN | |
| ISBN | 9726109043 |
| 021 ## - Número do Depósito Legal | |
| Código do país | Portugal |
| Número | 222429/05 |
| 100 ## - Dados gerais de processamento | |
| Dados gerais | 20060906d2005 m y0pory5003 ba |
| 101 0# - Língua de publicação | |
| Língua | Português |
| 102 ## - País de publicação | |
| País | Portugal |
| 200 1# - Titulo e menção de responsabilidade | |
| Título próprio | Dicionário de falares do Alentejo |
| Primeira menção de responsabilidade | Vitor Fernando Barros, Lourivaldo Martins Guerreiro |
| 205 ## - Menção da edição | |
| Edição | 1.ª ed |
| 210 #9 - Publicação | |
| Local de publicação | Porto |
| Nome do editor | Campo das Letras |
| Data de publicação | 2005 |
| 215 ## - Descrição física | |
| Paginação / Volumes | 194 p. a 2 colns. |
| Dimensões | 21 cm |
| 606 ## - Nome comum usado como assunto | |
| Palavra de ordem | Lingua portuguesa |
| Subdivisão assunto | Vocabularios |
| Subdivisão geográfica | Alentejo (Portugal) |
| Subdivisão assunto | [Dicionarios] |
| ID Autoridade | 2700 |
| 675 ## - CDU | |
| Notação | 811.134.3'282(469.5)(043) |
| Edição | BN |
| Língua | por |
| 700 ## - Autor principal | |
| Apelido | Barros |
| Nome | Vitor Fernando |
| ID Autoridade | 7322 |
| 701 ## - Autor co-responsavel | |
| Apelido | Guerreiro |
| Nome | Lourivaldo Martins |
| Função | Autor |
| ID Autoridade | 7323 |
| 801 #0 - Fonte de origem | |
| País | PT |
| Agência | BN |
| Regras de catalogação | RPC |
| 090 ## - Tipo de documento | |
| Koha biblioitem number (autogenerated) | 37123 |
| 990 ## - Elementos KOHA | |
| Tipo de documento | Livro |
| 994 ## - Estado da catalogação | |
| Situação | Completo |
Não há exemplares disponíveis.